[Event "31st Rilton Cup"]
[Site "Stockholm SWE"]
[Date "2001.12.27"]
[Round "1.3"]
[White "Johansson, Gunnar"]
[Black "Ulybin, Mikhail"]
[Result "1-0"]
[WhiteElo "2199"]
[BlackElo "2580"]
[EventDate "2001.12.27"]
[PlyCount "78"]

1.e4 c5 2.c3 e6 3.d4 d5 4.exd5 exd5 5.Nf3 Nc6 6.Bb5 Bd6 7.dxc5 Bxc5 8.O-O 
Ne7 9.Nbd2 O-O 10.Nb3 Bd6 11.Be3 Bg4 12.Be2 Re8 13.Re1 a6 14.Qd2 Qc7 15.h3
Bf5 16.Bc5 Bf4 17.Be3 Bd6 18.Bc5 Bf4 19.Be3 Bxe3 20.Qxe3 Ng6 21.Qd2 Be4 
22.Nfd4 Nf4 23.Bf1 Nxd4 24.Nxd4 h6 25.Re3 Nh5 26.Rae1 Nf6 27.Nb3 Qc6 28.
Qd4 Red8 29.f3 Bc2 30.Bd3 Bxd3 31.Rxd3 a5 32.Qf2 a4 33.Nd4 Qc4 34.Rde3 
Qxa2 35.Nf5 Kh7 36.Re7 Rd7 37.Qg3 Rg8 38.Rxd7 Nxd7 39.Qc7 Nf6 1-0

[Event "31st Rilton Cup"]
[Site "Stockholm SWE"]
[Date "2001.12.27"]
[Round "1.9"]
[White "Ohlzon, Nils-Johan"]
[Black "Ivanov, Sergei"]
[Result "0-1"]
[WhiteElo "2175"]
[BlackElo "2556"]
[EventDate "2001.12.27"]
[PlyCount "52"]

1.d4 d5 2.c4 e6 3.Nf3 Nf6 4.Nc3 c6 5.Bg5 dxc4 6.e4 b5 7.e5 h6 8.Bh4 g5 9.
Nxg5 hxg5 10.Bxg5 Nbd7 11.exf6 Bb7 12.g3 c5 13.d5 Qb6 14.Bg2 b4 15.O-O 
O-O-O 16.Rb1 Qa6 17.dxe6 Bxg2 18.e7 Bb7 19.Nd5 Bxe7 20.fxe7 Rdg8 21.e8=Q+ 
Rxe8 22.Ne7+ Rxe7 23.Bxe7 Qe6 24.Re1 Qh3 25.f3 Qxh2+ 26.Kf1 Qxg3 0-1

[Event "31st Rilton Cup"]
[Site "Stockholm SWE"]
[Date "2001.12.29"]
[Round "3.10"]
[White "Vernersson, Per"]
[Black "Hector, Jonny"]
[Result "1/2-1/2"]
[WhiteElo "2395"]
[BlackElo "2528"]
[EventDate "2001.12.27"]
[PlyCount "81"]

1.c4 e5 2.Nc3 Nf6 3.Nf3 Nc6 4.d3 Bb4 5.Bd2 a5 6.g3 h6 7.Bg2 d6 8.Nd5 Bc5 
9.O-O Nxd5 10.cxd5 Ne7 11.e4 c6 12.dxc6 Nxc6 13.h3 O-O 14.Bc3 Qb6 15.Qd2 
f5 16.exf5 Bxf5 17.Ne1 Be6 18.Nc2 d5 19.b3 d4 20.Bb2 a4 21.Rab1 axb3 22.
axb3 Ra2 23.b4 Nxb4 24.Nxb4 Bxb4 25.Qd1 Qd6 26.Bxb7 Bc3 27.Bc1 Bxh3 28.
Qb3+ Be6 29.Qb6 Qe7 30.Rb5 Qf6 31.Qd6 Be1 32.Qxe5 Bxf2+ 33.Kh1 Qg6 34.Rb6 
Rf6 35.Rxe6 Rxe6 36.Bd5 Ra6 37.Rxf2 Kh7 38.Bxe6 Rxe6 39.Qf4 Rf6 40.Qxd4 
Rxf2 41.Qxf2 1/2-1/2

[Event "31st Rilton Cup"]
[Site "Stockholm SWE"]
[Date "2001.12.30"]
[Round "4.14"]
[White "Bromann, Thorbjoern"]
[Black "Guseinov, Gadir"]
[Result "1/2-1/2"]
[WhiteElo "2344"]
[BlackElo "2489"]
[EventDate "2001.12.27"]
[PlyCount "38"]

1.b3 e5 2.Bb2 Nc6 3.e3 d6 4.Bb5 Ne7 5.Ne2 a6 6.Bxc6+ Nxc6 7.O-O g6 8.d4 
Bg7 9.c4 b5 10.Qc2 bxc4 11.dxe5 O-O 12.exd6 cxb3 13.axb3 Nb4 14.Qd2 Bxb2 
15.Qxb2 Qxd6 16.Nd2 Bb7 17.Nc4 Qe7 18.Qe5 Qxe5 19.Nxe5 Rfd8 1/2-1/2

[Event "31st Rilton Cup"]
[Site "Stockholm SWE"]
[Date "2002.12.31"]
[Round "5.16"]
[White "Gullaksen, Erik"]
[Black "Ulybin, Mikhail"]
[Result "0-1"]
[WhiteElo "2324"]
[BlackElo "2580"]
[EventDate "2001.12.27"]
[PlyCount "108"]

1.e4 e6 2.d3 c5 3.Nf3 Nc6 4.g3 d5 5.Qe2 b6 6.Bg2 dxe4 7.dxe4 Nb4 8.O-O Ba6
9.c4 Qd3 10.Qxd3 Nxd3 11.Na3 Rd8 12.Rd1 Bb7 13.Ne1 Nxc1 14.Raxc1 a6 15.e5 
Bxg2 16.Kxg2 Ne7 17.Nac2 Nc6 18.Rxd8+ Kxd8 19.Nd3 Kc7 20.f4 Be7 21.Rd1 b5 
22.Ne3 Rd8 23.Nf2 Nd4 24.Ne4 Kc6 25.Kf2 Rb8 26.Rc1 Kb6 27.Rc3 Rd8 28.Rd3 
h6 29.h4 f6 30.exf6 gxf6 31.h5 f5 32.Nc3 Kc6 33.g4 Rg8 34.Kg3 b4 35.Ncd1 
Bd6 36.Nf2 Ne2+ 37.Kf3 Nd4+ 38.Kg3 a5 39.Nh3 Ne2+ 40.Kf3 Nd4+ 41.Kg3 fxg4 
42.Nxg4 e5 43.Nf2 exf4+ 44.Kh3 Rg5 45.Nf6 Rg1 46.N6e4 f3 47.Rd1 Rg2 48.Nd3
Bc7 49.Rf1 Re2 50.Re1 Rh2+ 51.Kg4 Rg2+ 52.Kh3 Ne2 53.Rf1 Ng1+ 54.Kh4 Bd8+ 
0-1